000 00484nam a22001817a 4500
003 CEME
005 20210628201914.0
008 210208b xxu||||| |||| 00| 0 eng d
020 _a81-203-0145-5
040 _c.
082 _a511.5 DEO
245 _aGraph theory with applications to engineering and computer science
250 _aDEO, NARSINGH
260 _aNEW DELHI
_bPRENTICE HALL OF INDIA
_c2004
300 _aXVII,478P
650 _aGRAPH THEORY
_93537
942 _cBK
_2ddc
999 _c567637
_d567637